Quiz spécial joueur légendaire : Platini - Statistiques

Statistiques générales
  • Ce quiz a été pris 117 fois
  • Le résultat moyen est 11 sur 21
Statistiques - réponses
questions réponse % Correct
Quel est son club formateur ? AS Nancy
94%
Avec quel club a t -il gagné le championnat de France en 1981 ? Saint-Etienne
92%
En quelle année a-t-il eu son 1er ballon d'or ? 1983
80%
Et dans cette coupe du monde 1986 contres quelles équipes a -t -il marqué (nommez au moins une équipe ) ? Italie et Brésil
79%
En quelle année il a gagné la coupe de France ? 1978
73%
Avec Giresse-Tigana- Fernandez il formait ................. Le carré magique
66%
Dans quel pays a t-il disputé sa dernière coupe du monde ? Mexique
63%
A quel pays il donne son vote pour t l'attribution de la coupe du monde 2018 ? Russie
63%
Comment s'appelait le gardien malheureux en finale de l'euro 1984 ? Arconada
62%
Contre quelle équipe il met son 1er triplé à l'euro 1984 ? Belgique
50%
Il est le 1er sélectionneur a avoir qualifié l'EDF pour un Euro sur le terrain. Mais L'EDF échoue à l'euro 92 dès le 1er tour . quel fut le dernier adversaire de Platini sélectionneur ? Danemark
50%
Contre quelle équipe Platini a marqué son 1er but en Coupe du monde ? Argentine
43%
Quelle équipe l'avait recalé lors d' un stage de présélection à cause d'une capacité respiratoire très faible et d'une insuffisance cardiaque ? FC Metz
42%
En quelle année il devint le président de l UEFA ? 2007
40%
...Et contre quelle équipe a t-il marqué l'unique but de cette finale ? OGC Nice
36%
Platini s'entrainait au Coup Franc grâce à quoi ? Mannequin en mousse
34%
il prend les reines de l'équipe de France le 1er novembre 1988. Quel sélectionneur a -t-il remplacé Henri Michel
30%
Il a connu sa première sélection en 1976 mais quel était l'adversaire ? Tchécoslovaquie
28%
Combien de minutes lui a t il fallu pour inscrire un hat trick parfait face à la Yougoslavie en 1984 ? 17
24%
Quel est pour lui le plus pénible souvenir ? Le drame du Heysel
20%
Il prend sa retraite le 17 mai 1987. Quel fut son dernier adversaire ? Brescia
7%
Aucun quiz correspondant
Distribution des résultats
% des personnes avec chaque résultat
Percentile par nombre de réponses
Votre historique - résultats
Vous n’avez pas pris ce quiz